KOHA-Header-6

Introductory Econometrics (A Modern Approach) (Record no. 633)

000 -LEADER
fixed length control field 00353nam a2200121Ia 4500
008 - FIXED-LENGTH DATA ELEMENTS--GENERAL INFORMATION
fixed length control field 190722s9999 xx 000 0 und d
020 ## - INTERNATIONAL STANDARD BOOK NUMBER
International Standard Book Number 978-81-315-2465-7
100 ## - MAIN ENTRY--PERSONAL NAME
Personal name Jeffrey M. Wooldridge
245 #0 - TITLE STATEMENT
Title Introductory Econometrics (A Modern Approach)
260 ## - PUBLICATION, DISTRIBUTION, ETC. (IMPRINT)
Place of publication, distribution, etc Delhi (India)
Name of publisher, distributor, etc Cengage Learning India Private Limited
Date of publication, distribution, etc 2014
300 ## - PHYSICAL DESCRIPTION
Extent 878
942 ## - ADDED ENTRY ELEMENTS (KOHA)
Koha item type Books
Holdings
Withdrawn status Lost status Source of classification or shelving scheme Damaged status Not for loan Collection code Permanent Location Current Location Shelving location Date acquired Total Checkouts Full call number Barcode Date last seen Date checked out Price effective from Koha item type
          Economics MAJU MAJU Shelf No.A48 2019-07-22 1 330.015 7259 2020-09-03 2020-02-10 2019-07-22 Economics

Powered by Koha